Repensar a los teóricos de la sociedad : volumen uno /
Estudio que aborda el pensamiento de los teóricos representativos de las teorías sociales del siglo XX con la finalidad de valorar su vigencia y la pertinencia de sus propuestas para analizar la realidad. El presente V. 1, interpreta el pensamiento de Max Weber, Vilfredo Pareto, Emile Durkheim, Marc...
Đã lưu trong:
| Tác giả chính: | |
|---|---|
| Tác giả khác: | |
| Định dạng: | Sách |
| Ngôn ngữ: | Tiếng Tây Ban Nha |
| Được phát hành: |
Ocotlán, México :
Universidad de Guadalajara, Centro Universitario de la Ciénega,
2011, c2011
|
| Những chủ đề: | |
| Các nhãn: |
Không có thẻ, Là người đầu tiên thẻ bản ghi này!
|
MARC
| LEADER | 00000nam^a2200000^a^4500 | ||
|---|---|---|---|
| 001 | 000337004 | ||
| 005 | 20250521000000.0 | ||
| 009 | 20260310114315.704 | ||
| 020 | |a 978-607-450-357-9 | ||
| 037 | |a Acervo ITESO - Biblioteca | ||
| 041 | |a ESP | ||
| 082 | |a 300. 1 |b RAM V. 1 | ||
| 100 | |a Ramírez Plascencia, Jorge |e (coord.) | ||
| 240 | 1 | 1 | |a [Repensar a los teóricos de la sociedad] |
| 245 | 1 | 0 | |a Repensar a los teóricos de la sociedad : |b volumen uno / |c Coord. de J. Ramírez Plascencia, A.C. Morquecho Güitrón. |
| 264 | 4 | |a Ocotlán, México : |b Universidad de Guadalajara, Centro Universitario de la Ciénega, |c 2011, c2011 | |
| 300 | |a 285 p. | ||
| 336 | |a texto |b txt |2 rdacontenido | ||
| 337 | |a sin mediación |b n |2 rdamedio | ||
| 338 | |a volumen |b nc |2 rdasoporte | ||
| 520 | |a Estudio que aborda el pensamiento de los teóricos representativos de las teorías sociales del siglo XX con la finalidad de valorar su vigencia y la pertinencia de sus propuestas para analizar la realidad. El presente V. 1, interpreta el pensamiento de Max Weber, Vilfredo Pareto, Emile Durkheim, Marcel Mauss, Erving Goffman, Ludwig Wittgenstein, Alfred Schutz, Hannah Arendt, Alain Touraine y Anthony Giddens. | ||
| 649 | |a XX | ||
| 650 | |a Sociología - |x Teoría - |x Tema Principal | ||
| 650 | |a Weber, Max | ||
| 650 | |a Pareto, Vilfredo | ||
| 650 | |a Durkheim, Emile | ||
| 650 | |a Mauss, Marcel | ||
| 650 | |a Goffman, Erving | ||
| 650 | |a Wittgenstein, Ludwig | ||
| 650 | |a Schutz, Alfred | ||
| 650 | |a Arendt, Hannah | ||
| 650 | |a Touraine, Alain | ||
| 650 | |a Giddens, Anthony | ||
| 700 | |a Morquecho Güitrón, Ana Cecilia |e (coordinación) | ||
| 910 | |a Fondo General | ||
| 920 | |a Impresos - Libros | ||
| 930 | |a Colección General | ||
| 905 | |a 101 | ||
| 901 | |a 0500226731 |b IT1 |c ACC |i D61670 |u 20250521 | ||
| 902 | |a https://opac.biblio.iteso.mx/vufind/Record/000337004 | ||